[Event "3MCR_4D_1L_4S"]
[Site "?"]
[Date "1999.??.??"]
[Round "4"]
[White "Gdovin, Jan"]
[Black "Kamler, Zdenek"]
[Result "1-0"]
[WhiteElo "2130"]
[BlackElo "2050"]
[PlyCount "89"]
[EventDate "1999.??.??"]
[EventType "corr"]

1. e4 c5 2. Nf3 Nc6 3. d4 cxd4 4. Nxd4 Nf6 5. Nc3 d6 6. Bc4 Qb6 7. Nb3 e6 8.
Bf4 Ne5 9. Be2 Be7 10. Be3 Qc7 11. Nb5 Qb8 12. f4 Nc6 13. Bf3 a6 14. Nc3 Qc7
15. O-O O-O 16. a4 b6 17. g4 Rb8 18. g5 Nd7 19. Bg2 Re8 20. Rf3 Bb7 21. Rh3 g6
22. Qg4 Nf8 23. Qh4 Nb4 24. Qf2 Bc8 25. Rd1 Nc6 26. Qd2 Bd7 27. Rf3 Rec8 28.
Rff1 Na5 29. Nxa5 bxa5 30. Bd4 Rb4 31. f5 d5 32. Qf2 gxf5 33. exf5 Rxd4 34.
Rxd4 Bc5 35. fxe6 Bxe6 36. Nxd5 Bxd4 37. Qxd4 Qc5 38. c3 Qxd4+ 39. cxd4 Rc4 40.
Nf6+ Kg7 41. Ne8+ Kg6 42. d5 Bd7 43. Nd6 Rb4 44. Rxf7 Rb8 45. h4 1-0

[Event "3MCR_4D_1L_4S"]
[Site "?"]
[Date "1999.??.??"]
[Round "4"]
[White "Gdovin, Jan"]
[Black "Skula, Eugen"]
[Result "1/2-1/2"]
[WhiteElo "2130"]
[BlackElo "2210"]
[PlyCount "89"]
[EventDate "1999.??.??"]
[EventType "corr"]

1. e4 c5 2. Nf3 Nc6 3. d4 cxd4 4. Nxd4 Nf6 5. Nc3 e5 6. Ndb5 d6 7. Bg5 a6 8.
Na3 b5 9. Bxf6 gxf6 10. Nd5 f5 11. exf5 Bxf5 12. c3 Bg7 13. Nc2 O-O 14. Nce3
Be6 15. Bd3 f5 16. O-O e4 17. Nf4 Bf7 18. Bc2 Be5 19. Ned5 Qg5 20. Nh3 Qh4 21.
f4 Bd4+ 22. cxd4 Bxd5 23. Bb3 Bc4 24. Bxc4+ bxc4 25. Qa4 Ne7 26. Qxc4+ d5 27.
Qe2 Qf6 28. Qe3 Rfb8 29. Rf2 Rb4 30. Rd2 Rc4 31. Rad1 a5 32. Kh1 a4 33. Ng1 Nc6
34. Ne2 Nb4 35. Nc3 Qc6 36. Qg3+ Kh8 37. Qg5 Rf8 38. Qe7 Re8 39. Qf7 Qg6 40.
Qxg6 hxg6 41. a3 Nd3 42. Nxd5 e3 43. Rxd3 e2 44. h3 exd1=Q+ 45. Rxd1 1/2-1/2

[Event "3MCR_4D_1L_4S"]
[Site "?"]
[Date "1999.??.??"]
[Round "4"]
[White "Kunovjanek, Milan"]
[Black "Kamler, Zdenek"]
[Result "1-0"]
[WhiteElo "2025"]
[BlackElo "2050"]
[PlyCount "91"]
[EventDate "1999.??.??"]
[EventType "corr"]

1. e4 c5 2. Nf3 Nc6 3. d4 cxd4 4. Nxd4 Nf6 5. Nc3 d6 6. Bg5 e6 7. Qd2 Be7 8.
O-O-O O-O 9. f4 h6 10. Bh4 Bd7 11. Ndb5 d5 12. e5 Ne8 13. Bxe7 Qxe7 14. g3 a6
15. Nd4 Nc7 16. h4 Nxd4 17. Qxd4 Nb5 18. Bxb5 axb5 19. a3 Rfc8 20. Na2 Rc4 21.
Qf2 Bc6 22. Kb1 Rca4 23. Rd4 Rc4 24. Nb4 Rc8 25. g4 Rxd4 26. Qxd4 Be8 27. b3
Qc5 28. Qxc5 Rxc5 29. Kb2 Kf8 30. c3 Ke7 31. Rf1 Bd7 32. Nc2 Rc8 33. Nd4 g6 34.
Kc2 Ra8 35. Ra1 Rc8 36. Rh1 Ra8 37. h5 g5 38. fxg5 hxg5 39. h6 f6 40. h7 Rh8
41. Nf3 Bc6 42. Rh6 fxe5 43. Nxg5 Bd7 44. Nf3 e4 45. Ne5 Be8 46. g5 1-0

[Event "3MCR_4D_1L_4S"]
[Site "?"]
[Date "1999.??.??"]
[Round "4"]
[White "Kosek, Lubomir"]
[Black "Kamler, Zdenek"]
[Result "1-0"]
[WhiteElo "2045"]
[BlackElo "2050"]
[PlyCount "107"]
[EventDate "1999.??.??"]
[EventType "corr"]

1. e4 c5 2. Nf3 Nc6 3. d4 cxd4 4. Nxd4 Nf6 5. Nc3 e5 6. Ndb5 d6 7. Bg5 a6 8.
Na3 b5 9. Bxf6 gxf6 10. Nd5 Bg7 11. c4 f5 12. Bd3 O-O 13. cxb5 Nd4 14. bxa6
fxe4 15. Bxe4 Bxa6 16. Ne3 Rb8 17. Rb1 d5 18. Bxd5 Qa5+ 19. Qd2 Qxa3 20. bxa3
Rxb1+ 21. Nd1 e4 22. Qg5 Kh8 23. Kd2 f5 24. Re1 Rc8 25. Re3 Rb6 26. Qe7 Bf6 27.
Qa7 Rd6 28. Rh3 Bg7 29. Qf7 f4 30. Nc3 Ne6 31. Rxh7+ Kxh7 32. Qf5+ Kh8 33. Nxe4
Rc2+ 34. Kd1 Be2+ 35. Kxc2 Nd4+ 36. Kd2 Nxf5 37. Nxd6 Nxd6 38. Kxe2 Nb5 39. Kf3
Be5 40. a4 Nc3 41. Bb3 Kg7 42. a5 Nb5 43. a6 Kf6 44. g3 fxg3 45. hxg3 Bb8 46.
Kg4 Ba7 47. f4 Nd6 48. Kf3 Bb6 49. g4 Ba7 50. g5+ Kg7 51. Kg4 Bd4 52. f5 Ne8
53. Kh5 Ba7 54. Ba4 1-0

[Event "3MCR_4D_1L_4S"]
[Site "?"]
[Date "1999.??.??"]
[Round "4"]
[White "Sykora, Josef"]
[Black "Kunovjanek, Milan"]
[Result "1-0"]
[WhiteElo "2335"]
[BlackElo "2025"]
[PlyCount "115"]
[EventDate "1999.??.??"]
[EventType "corr"]

1. d4 Nf6 2. c4 g6 3. Nf3 Bg7 4. g3 O-O 5. Bg2 d6 6. O-O Nbd7 7. Nc3 e5 8. h3
c6 9. e4 Re8 10. Re1 exd4 11. Nxd4 Qb6 12. Nc2 Qc7 13. Be3 a5 14. b3 Nc5 15.
Bf4 Re6 16. Nd4 Re8 17. Qd2 Nfd7 18. Bh6 Bf6 19. Rad1 Ne5 20. Re3 Rd8 21. f4
Ned7 22. g4 Nf8 23. Ndb5 Qb6 24. Bxf8 Rxf8 25. Nxd6 g5 26. e5 gxf4 27. exf6 Ne6
28. Na4 Qxe3+ 29. Qxe3 fxe3 30. Nb6 Rd8 31. Nxa8 e2 32. Re1 Rxd6 33. Rxe2 b5
34. Nb6 Ba6 35. Re5 h6 36. a4 Rd1+ 37. Kf2 Rd2+ 38. Kf1 Rd1+ 39. Kf2 Rd2+ 40.
Kg1 Rd1+ 41. Kh2 Rd2 42. axb5 cxb5 43. Kg1 Rd1+ 44. Bf1 bxc4 45. Nxc4 Bxc4 46.
bxc4 Ra1 47. Kf2 Ra3 48. Rd5 a4 49. Bd3 Ra2+ 50. Kf3 a3 51. Ra5 Ra1 52. Ra8+
Nf8 53. h4 a2 54. Be2 h5 55. gxh5 Rb1 56. Rxa2 Rb6 57. Ke4 Rxf6 58. Bg4 1-0

[Event "3MCR_4D_1L_4S"]
[Site "?"]
[Date "1999.??.??"]
[Round "4"]
[White "Blatsky, Libor"]
[Black "Hladik, Josef"]
[Result "1-0"]
[WhiteElo "2165"]
[BlackElo "2160"]
[PlyCount "111"]
[EventDate "1999.??.??"]
[EventType "corr"]

1. d4 Nf6 2. c4 e6 3. Nf3 c5 4. d5 exd5 5. cxd5 d6 6. Nc3 g6 7. e4 Bg7 8. Be2
O-O 9. O-O Bg4 10. Bf4 Re8 11. Nd2 Bxe2 12. Qxe2 Nh5 13. Be3 Nd7 14. a4 a6 15.
a5 Bd4 16. Ra4 Qf6 17. Qd3 Ne5 18. Bxd4 Nxd3 19. Bxf6 Nxf6 20. Ra3 Rad8 21. f3
Nd7 22. Na2 N3e5 23. f4 Ng4 24. h3 Nh6 25. Rb3 Rb8 26. Nc3 f6 27. Nc4 Nf7 28.
Kf2 Kg7 29. Re1 Re7 30. Kf3 h5 31. h4 g5 32. g3 Ree8 33. Na4 g4+ 34. Kf2 Re7
35. Nab6 Rbe8 36. Nxd7 Rxd7 37. Rb6 Rde7 38. Re3 Rd7 39. Ke2 Ree7 40. Kd3 f5
41. exf5 Rxe3+ 42. Kxe3 Kf6 43. Ke4 Re7+ 44. Kd3 Rd7 45. Nd2 Kxf5 46. Ne4 Re7
47. Nxd6+ Nxd6 48. Rxd6 Re1 49. Rh6 Rg1 50. Rxh5+ Kf6 51. d6 Ke6 52. Rh6+ Kd7
53. Ke4 Rxg3 54. Kd5 Rd3+ 55. Kxc5 g3 56. Rg6 1-0

[Event "3MCR_4D_1L_4S"]
[Site "?"]
[Date "1999.??.??"]
[Round "4"]
[White "Skula, Eugen"]
[Black "Sykora, Josef"]
[Result "1/2-1/2"]
[WhiteElo "2210"]
[BlackElo "2335"]
[PlyCount "119"]
[EventDate "1999.??.??"]
[EventType "corr"]

1. d4 d5 2. c4 c6 3. Nc3 Nf6 4. e3 a6 5. Nf3 b5 6. b3 Bg4 7. Be2 e6 8. O-O Nbd7
9. Bb2 Bd6 10. h3 Bh5 11. Ne5 Bxe2 12. Nxe2 Rc8 13. Rc1 O-O 14. Nf4 Ne4 15. Qe2
Bxe5 16. dxe5 Qg5 17. cxd5 cxd5 18. Nd3 Qe7 19. Rc2 Nb6 20. Rfc1 Qb7 21. f3
Rxc2 22. Rxc2 Ng3 23. Qf2 Nf5 24. Nc5 Qa7 25. e4 Ne7 26. exd5 Nbxd5 27. Bd4 Qa8
28. Ne4 Rc8 29. Bc5 Ng6 30. Bd6 Rxc2 31. Qxc2 b4 32. g3 a5 33. Qc5 h6 34. h4
Nc3 35. Qc4 Qd5 36. h5 Nf8 37. Qxd5 exd5 38. Nxc3 bxc3 39. Kf2 c2 40. Ba3 Nd7
41. f4 f6 42. e6 Nc5 43. Ke3 Nxe6 44. Kd2 f5 45. Kxc2 Kf7 46. Kd3 g6 47. hxg6+
Kxg6 48. Ke3 Kh5 49. b4 axb4 50. Bxb4 Kg4 51. Kf2 h5 52. a4 d4 53. a5 Nc7 54.
Be1 Na6 55. Kg2 Nc5 56. Bf2 d3 57. Be3 Na6 58. Bd2 Nc5 59. Kf2 Kh3 60. Be1
1/2-1/2

[Event "3MCR_4D_1L_4S"]
[Site "?"]
[Date "1999.??.??"]
[Round "4"]
[White "Skula, Eugen"]
[Black "Kunovjanek, Milan"]
[Result "1/2-1/2"]
[WhiteElo "2210"]
[BlackElo "2025"]
[PlyCount "90"]
[EventDate "1999.??.??"]
[EventType "corr"]

1. d4 Nf6 2. c4 g6 3. Nc3 d5 4. cxd5 Nxd5 5. e4 Nxc3 6. bxc3 Bg7 7. Bc4 O-O 8.
Ne2 Nc6 9. O-O b6 10. Be3 Bb7 11. Rc1 Qd6 12. f4 e6 13. f5 Na5 14. Bd3 exf5 15.
exf5 Qc6 16. Rf2 Nc4 17. Bg5 Nb2 18. Qc2 Nxd3 19. Qxd3 f6 20. Bd2 Qd5 21. fxg6
hxg6 22. Nf4 Qe4 23. Qc4+ Rf7 24. Re1 Qc6 25. Qxc6 Bxc6 26. Nxg6 Bb5 27. Ne7+
Kf8 28. Nf5 Bd7 29. h4 Bh8 30. g4 Re8 31. Bh6+ Kg8 32. Rxe8+ Bxe8 33. Bc1 Kh7
34. Kg2 Bb5 35. Ba3 Bg7 36. Kg3 Bd3 37. Bc1 Bf8 38. Rf3 Bb1 39. a3 Rd7 40. g5
fxg5 41. hxg5 c5 42. Kg4 cxd4 43. cxd4 Rd5 44. Bb2 Rb5 45. Rf2 Ra5 1/2-1/2

[Event "3MCR_4D_1L_4S"]
[Site "?"]
[Date "1999.??.??"]
[Round "4"]
[White "Hladik, Josef"]
[Black "Gdovin, Jan"]
[Result "1/2-1/2"]
[WhiteElo "2160"]
[BlackElo "2130"]
[PlyCount "81"]
[EventDate "1999.??.??"]
[EventType "corr"]

1. e4 e6 2. d4 d5 3. Nd2 Nf6 4. e5 Nfd7 5. f4 c5 6. Ndf3 Nc6 7. Ne2 Qb6 8. c3
cxd4 9. Nexd4 Nxd4 10. cxd4 Nb8 11. Be2 Bd7 12. O-O Be7 13. Rf2 Nc6 14. a3 Na5
15. b4 Nc4 16. Bd3 Rc8 17. Qb3 a5 18. Rc2 O-O 19. Bxc4 dxc4 20. Rxc4 Rxc4 21.
Qxc4 axb4 22. axb4 Rc8 23. Qd3 Qxb4 24. Ba3 Qa5 25. Bb2 Qd5 26. Ba3 Bb5 27. Qd2
Bd8 28. Bc5 Ba6 29. h3 h6 30. Qe3 Qc6 31. Ne1 Qb5 32. Nf3 b6 33. Bd6 Rc2 34. d5
Rxg2+ 35. Kxg2 Qb2+ 36. Kg3 Qxa1 37. dxe6 fxe6 38. Qb3 Bc8 39. f5 Kf7 40. Qc2
Bd7 41. f6 1/2-1/2